Znajdź zagadkową flagę państwa według wskazówek - wersja losowa - Statystyki

Ogólne statystyki
  • Ten quiz został rozwiązany 947 razy
    895 od ostatniego zresetowania
  • Średni wynik to 20 z 196
Odpowiedzi na mapie
Odpowiedzi zakodowano w zielono-czerwonej skali na mapie do tego quizu, zgodnie z poniższymi procentami.
 
Statystyki odpowiedzi
kod Państwo % Poprawnych
Państwo Kanada
100%
Państwo Polska
100%
Państwo Stany Zjednoczone
100%
Państwo Wielka Brytania
100%
Państwo Polska
92%
Państwo Polska
89%
Państwo Rosja
89%
Państwo Polska
88%
Państwo Polska
86%
Państwo Rosja
86%
Państwo Polska
83%
Państwo Polska
82%
Państwo Australia
80%
Państwo Polska
80%
Państwo Rosja
80%
Państwo Stany Zjednoczone
80%
Państwo Polska
78%
Państwo Stany Zjednoczone
78%
Państwo Hiszpania
75%
Państwo Kolumbia
75%
Państwo Polska
75%
Państwo Rosja
75%
Państwo Stany Zjednoczone
75%
Państwo Polska
73%
Państwo Stany Zjednoczone
73%
Państwo Francja
71%
Państwo Rosja
71%
Państwo Stany Zjednoczone
71%
Państwo Francja
70%
Państwo Chiny
67%
Państwo Egipt
67%
Państwo Francja
67%
Państwo Ghana
67%
Państwo Niemcy
67%
Państwo Polska
67%
Państwo Rosja
67%
Państwo Stany Zjednoczone
67%
Państwo Węgry
67%
Państwo Włochy
67%
Państwo Chiny
64%
Państwo Polska
64%
Państwo Rosja
64%
Państwo Stany Zjednoczone
64%
Państwo Francja
63%
Państwo Hiszpania
63%
Państwo Irlandia
63%
Państwo Polska
63%
Państwo Republika Południowej Afryki
63%
Państwo Rosja
63%
Państwo Stany Zjednoczone
63%
Państwo Brazylia
60%
Państwo Fidżi
60%
Państwo Francja
60%
Państwo Irlandia
60%
Państwo Liberia
60%
Państwo Luksemburg
60%
Państwo Meksyk
60%
Państwo Niemcy
60%
Państwo Nowa Zelandia
60%
Państwo Polska
60%
Państwo Rosja
60%
Państwo Stany Zjednoczone
60%
Państwo Tuvalu
60%
Państwo Ukraina
60%
Państwo Wielka Brytania
60%
Państwo Brazylia
58%
Państwo Hiszpania
58%
Państwo Australia
57%
Państwo Brazylia
57%
Państwo Francja
57%
Państwo Indonezja
57%
Państwo Niemcy
57%
Państwo Polska
57%
Państwo Rosja
57%
Państwo Stany Zjednoczone
57%
Państwo Włochy
57%
Państwo Brazylia
56%
Państwo Rosja
56%
Państwo Stany Zjednoczone
56%
Państwo Chiny
55%
Państwo Rosja
55%
Państwo Stany Zjednoczone
55%
Państwo Argentyna
50%
Państwo Belgia
50%
Państwo Brazylia
50%
Państwo Chiny
50%
Państwo Egipt
50%
Państwo Ekwador
50%
Państwo Francja
50%
Państwo Holandia
50%
Państwo Indie
50%
Państwo Kanada
50%
Państwo Malta
50%
Państwo Meksyk
50%
Państwo Nepal
50%
Państwo Niemcy
50%
Państwo Niger
50%
Państwo Nigeria
50%
Państwo Polska
50%
Państwo Republika Południowej Afryki
50%
Państwo Rosja
50%
Państwo Rumunia
50%
Państwo Stany Zjednoczone
50%
Państwo Syria
50%
Państwo Szwecja
50%
Państwo Włochy
50%
Państwo Wybrzeże Kości Słoniowej
50%
Państwo Brazylia
45%
Państwo Francja
45%
Państwo Indie
45%
Państwo Meksyk
45%
Państwo Wietnam
45%
Państwo Brazylia
44%
Państwo Francja
44%
Państwo Hiszpania
44%
Państwo Holandia
44%
Państwo Indonezja
44%
Państwo Kanada
44%
Państwo Monako
44%
Państwo Argentyna
43%
Państwo Australia
43%
Państwo Brazylia
43%
Państwo Chiny
43%
Państwo Francja
43%
Państwo Hiszpania
43%
Państwo Irlandia
43%
Państwo Malezja
43%
Państwo Monako
43%
Państwo Niemcy
43%
Państwo Rosja
43%
Państwo Seszele
43%
Państwo Słowacja
43%
Państwo Słowenia
43%
Państwo Urugwaj
43%
Państwo Włochy
43%
Państwo Chiny
42%
Państwo Francja
42%
Państwo Hiszpania
42%
Państwo Niemcy
42%
Państwo Niger
42%
Państwo Nigeria
42%
Państwo Rosja
42%
Państwo Stany Zjednoczone
42%
Państwo Australia
40%
Państwo Austria
40%
Państwo Belgia
40%
Państwo Bhutan
40%
Państwo Brazylia
40%
Państwo Chiny
40%
Państwo Czechy
40%
Państwo Dania
40%
Państwo Estonia
40%
Państwo Francja
40%
Państwo Hiszpania
40%
Państwo Holandia
40%
Państwo Indie
40%
Państwo Indonezja
40%
Państwo Islandia
40%
Państwo Jemen
40%
Państwo Kanada
40%
Państwo Kolumbia
40%
Państwo Komory
40%
Państwo Libia
40%
Państwo Litwa
40%
Państwo Łotwa
40%
Państwo Malezja
40%
Państwo Maroko
40%
Państwo Mauritius
40%
Państwo Meksyk
40%
Państwo Monako
40%
Państwo Niemcy
40%
Państwo Niger
40%
Państwo Nigeria
40%
Państwo Peru
40%
Państwo Polska
40%
Państwo Portugalia
40%
Państwo Rosja
40%
Państwo Serbia
40%
Państwo Seszele
40%
Państwo Słowacja
40%
Państwo Stany Zjednoczone
40%
Państwo Szwecja
40%
Państwo Tanzania
40%
Państwo Ukraina
40%
Państwo Węgry
40%
Państwo Włochy
40%
Państwo Wybrzeże Kości Słoniowej
40%
Państwo Zimbabwe
40%
Państwo Algieria
38%
Państwo Argentyna
38%
Państwo Australia
38%
Państwo Bangladesz
38%
Państwo Belgia
38%
Państwo Brazylia
38%
Państwo Chiny
38%
Państwo Czad
38%
Państwo Demokratyczna Republika Konga
38%
Państwo Egipt
38%
Państwo Francja
38%
Państwo Grecja
38%
Państwo Haiti
38%
Państwo Hiszpania
38%
Państwo Holandia
38%
Państwo Honduras
38%
Państwo Indie
38%
Państwo Irlandia
38%
Państwo Kanada
38%
Państwo Liban
38%
Państwo Libia
38%
Państwo Mali
38%
Państwo Malta
38%
Państwo Meksyk
38%
Państwo Monako
38%
Państwo Nepal
38%
Państwo Niemcy
38%
Państwo Pakistan
38%
Państwo Panama
38%
Państwo Portugalia
38%
Państwo Republika Południowej Afryki
38%
Państwo Republika Środkowoafrykańska
38%
Państwo Rosja
38%
Państwo Rumunia
38%
Państwo Senegal
38%
Państwo Seszele
38%
Państwo Stany Zjednoczone
38%
Państwo Tanzania
38%
Państwo Uganda
38%
Państwo Włochy
38%
Państwo Zjednoczone Emiraty Arabskie
38%
Państwo Demokratyczna Republika Konga
36%
Państwo Indie
36%
Państwo Kanada
36%
Państwo Mali
36%
Państwo Andora
33%
Państwo Armenia
33%
Państwo Australia
33%
Państwo Austria
33%
Państwo Bahamy
33%
Państwo Belgia
33%
Państwo Boliwia
33%
Państwo Botswana
33%
Państwo Brazylia
33%
Państwo Bułgaria
33%
Państwo Chiny
33%
Państwo Czad
33%
Państwo Czechy
33%
Państwo Dania
33%
Państwo Demokratyczna Republika Konga
33%
Państwo Dominika
33%
Państwo Egipt
33%
Państwo Estonia
33%
Państwo Etiopia
33%
Państwo Francja
33%
Państwo Gabon
33%
Państwo Gambia
33%
Państwo Grecja
33%
Państwo Gujana
33%
Państwo Gwinea
33%
Państwo Hiszpania
33%
Państwo Holandia
33%
Państwo Honduras
33%
Państwo Indie
33%
Państwo Indonezja
33%
Państwo Irak
33%
Państwo Iran
33%
Państwo Irlandia
33%
Państwo Izrael
33%
Państwo Jamajka
33%
Państwo Japonia
33%
Państwo Jemen
33%
Państwo Jordania
33%
Państwo Kanada
33%
Państwo Kirgistan
33%
Państwo Kolumbia
33%
Państwo Kongo
33%
Państwo Kuwejt
33%
Państwo Libia
33%
Państwo Litwa
33%
Państwo Macedonia Północna
33%
Państwo Madagaskar
33%
Państwo Mali
33%
Państwo Maroko
33%
Państwo Mauretania
33%
Państwo Meksyk
33%
Państwo Mołdawia
33%
Państwo Monako
33%
Państwo Niemcy
33%
Państwo Niger
33%
Państwo Norwegia
33%
Państwo Nowa Zelandia
33%
Państwo Oman
33%
Państwo Peru
33%
Państwo Republika Południowej Afryki
33%
Państwo Rosja
33%
Państwo Rumunia
33%
Państwo Senegal
33%
Państwo Słowacja
33%
Państwo Słowenia
33%
Państwo Sudan
33%
Państwo Syria
33%
Państwo Szwecja
33%
Państwo Tadżykistan
33%
Państwo Tunezja
33%
Państwo Turcja
33%
Państwo Uganda
33%
Państwo Wenezuela
33%
Państwo Wielka Brytania
33%
Państwo Włochy
33%
Państwo Wybrzeże Kości Słoniowej
33%
Państwo Zjednoczone Emiraty Arabskie
33%
Państwo Australia
30%
Państwo Chiny
30%
Państwo Indie
30%
Państwo Norwegia
30%
Państwo Republika Południowej Afryki
30%
Państwo Wielka Brytania
30%
Państwo Argentyna
29%
Państwo Chiny
29%
Państwo Cypr
29%
Państwo Czechy
29%
Państwo Demokratyczna Republika Konga
29%
Państwo Egipt
29%
Państwo Hiszpania
29%
Państwo Holandia
29%
Państwo Honduras
29%
Państwo Indie
29%
Państwo Indonezja
29%
Państwo Irlandia
29%
Państwo Jemen
29%
Państwo Kanada
29%
Państwo Kazachstan
29%
Państwo Kuba
29%
Państwo Libia
29%
Państwo Litwa
29%
Państwo Łotwa
29%
Państwo Madagaskar
29%
Państwo Maroko
29%
Państwo Meksyk
29%
Państwo Mołdawia
29%
Państwo Monako
29%
Państwo Mozambik
29%
Państwo Nepal
29%
Państwo Niemcy
29%
Państwo Nowa Zelandia
29%
Państwo Oman
29%
Państwo Peru
29%
Państwo Portugalia
29%
Państwo Republika Południowej Afryki
29%
Państwo Rumunia
29%
Państwo Serbia
29%
Państwo Seszele
29%
Państwo Stany Zjednoczone
29%
Państwo Ukraina
29%
Państwo Urugwaj
29%
Państwo Węgry
29%
Państwo Wielka Brytania
29%
Państwo Włochy
29%
Państwo Wybrzeże Kości Słoniowej
29%
Państwo Algieria
27%
Państwo Argentyna
27%
Państwo Australia
27%
Państwo Brazylia
27%
Państwo Czad
27%
Państwo Francja
27%
Państwo Ghana
27%
Państwo Gwinea
27%
Państwo Hiszpania
27%
Państwo Indie
27%
Państwo Indonezja
27%
Państwo Iran
27%
Państwo Kanada
27%
Państwo Kazachstan
27%
Państwo Kirgistan
27%
Państwo Mauritius
27%
Państwo Meksyk
27%
Państwo Mołdawia
27%
Państwo Monako
27%
Państwo Republika Południowej Afryki
27%
Państwo Rumunia
27%
Państwo Senegal
27%
Państwo Seszele
27%
Państwo Sudan
27%
Państwo Szwecja
27%
Państwo Ukraina
27%
Państwo Węgry
27%
Państwo Włochy
27%
Państwo Wybrzeże Kości Słoniowej
27%
Państwo Afganistan
25%
Państwo Albania
25%
Państwo Algieria
25%
Państwo Andora
25%
Państwo Angola
25%
Państwo Antigua i Barbuda
25%
Państwo Arabia Saudyjska
25%
Państwo Argentyna
25%
Państwo Armenia
25%
Państwo Australia
25%
Państwo Austria
25%
Państwo Azerbejdżan
25%
Państwo Bahamy
25%
Państwo Bahrajn
25%
Państwo Bangladesz
25%
Państwo Barbados
25%
Państwo Belgia
25%
Państwo Belize
25%
Państwo Benin
25%
Państwo Bhutan
25%
Państwo Białoruś
25%
Państwo Boliwia
25%
Państwo Bośnia i Hercegowina
25%
Państwo Botswana
25%
Państwo Brazylia
25%
Państwo Brunei
25%
Państwo Bułgaria
25%
Państwo Burkina Faso
25%
Państwo Burundi
25%
Państwo Chile
25%
Państwo Chiny
25%
Państwo Chorwacja
25%
Państwo Cypr
25%
Państwo Czad
25%
Państwo Czarnogóra
25%
Państwo Czechy
25%
Państwo Dania
25%
Państwo Demokratyczna Republika Konga
25%
Państwo Dominika
25%
Państwo Dominikana
25%
Państwo Dżibuti
25%
Państwo Egipt
25%
Państwo Ekwador
25%
Państwo Erytrea
25%
Państwo Estonia
25%
Państwo Eswatini
25%
Państwo Etiopia
25%
Państwo Fidżi
25%
Państwo Filipiny
25%
Państwo Finlandia
25%
Państwo Francja
25%
Państwo Gabon
25%
Państwo Gambia
25%
Państwo Ghana
25%
Państwo Grenada
25%
Państwo Gruzja
25%
Państwo Gujana
25%
Państwo Gwatemala
25%
Państwo Gwinea
25%
Państwo Gwinea Bissau
25%
Państwo Gwinea Równikowa
25%
Państwo Haiti
25%
Państwo Hiszpania
25%
Państwo Holandia
25%
Państwo Honduras
25%
Państwo Indie
25%
Państwo Indonezja
25%
Państwo Irak
25%
Państwo Iran
25%
Państwo Irlandia
25%
Państwo Islandia
25%
Państwo Izrael
25%
Państwo Jamajka
25%
Państwo Japonia
25%
Państwo Jemen
25%
Państwo Jordania
25%
Państwo Kambodża
25%
Państwo Kamerun
25%
Państwo Kanada
25%
Państwo Katar
25%
Państwo Kazachstan
25%
Państwo Kenia
25%
Państwo Kirgistan
25%
Państwo Kiribati
25%
Państwo Kolumbia
25%
Państwo Komory
25%
Państwo Kongo
25%
Państwo Korea Północna
25%
Państwo Korea Południowa
25%
Państwo Kosowo
25%
Państwo Kostaryka
25%
Państwo Kuba
25%
Państwo Kuwejt
25%
Państwo Laos
25%
Państwo Lesotho
25%
Państwo Liban
25%
Państwo Liberia
25%
Państwo Libia
25%
Państwo Liechtenstein
25%
Państwo Litwa
25%
Państwo Łotwa
25%
Państwo Luksemburg
25%
Państwo Macedonia Północna
25%
Państwo Madagaskar
25%
Państwo Malawi
25%
Państwo Malediwy
25%
Państwo Malezja
25%
Państwo Mali
25%
Państwo Malta
25%
Państwo Maroko
25%
Państwo Mauretania
25%
Państwo Mauritius
25%
Państwo Meksyk
25%
Państwo Mikronezja
25%
Państwo Mjanma
25%
Państwo Mołdawia
25%
Państwo Monako
25%
Państwo Mongolia
25%
Państwo Mozambik
25%
Państwo Namibia
25%
Państwo Nauru
25%
Państwo Nepal
25%
Państwo Niemcy
25%
Państwo Niger
25%
Państwo Nigeria
25%
Państwo Nikaragua
25%
Państwo Norwegia
25%
Państwo Nowa Zelandia
25%
Państwo Oman
25%
Państwo Palau
25%
Państwo Panama
25%
Państwo Papua-Nowa Gwinea
25%
Państwo Paragwaj
25%
Państwo Peru
25%
Państwo Portugalia
25%
Państwo Republika Południowej Afryki
25%
Państwo Republika Środkowoafrykańska
25%
Państwo Republika Zielonego Przylądka
25%
Państwo Rosja
25%
Państwo Rumunia
25%
Państwo Rwanda
25%
Państwo Saint Kitts i Nevis
25%
Państwo Saint Lucia
25%
Państwo Saint Vincent i Grenadyny
25%
Państwo Salwador
25%
Państwo Samoa
25%
Państwo San Marino
25%
Państwo Senegal
25%
Państwo Serbia
25%
Państwo Seszele
25%
Państwo Sierra Leone
25%
Państwo Singapur
25%
Państwo Słowacja
25%
Państwo Słowenia
25%
Państwo Somalia
25%
Państwo Sri Lanka
25%
Państwo Sudan
25%
Państwo Sudan Południowy
25%
Państwo Surinam
25%
Państwo Syria
25%
Państwo Szwajcaria
25%
Państwo Szwecja
25%
Państwo Tadżykistan
25%
Państwo Tajlandia
25%
Państwo Tajwan
25%
Państwo Timor Wschodni
25%
Państwo Togo
25%
Państwo Tonga
25%
Państwo Trynidad i Tobago
25%
Państwo Tunezja
25%
Państwo Turcja
25%
Państwo Turkmenistan
25%
Państwo Tuvalu
25%
Państwo Uganda
25%
Państwo Ukraina
25%
Państwo Urugwaj
25%
Państwo Uzbekistan
25%
Państwo Vanuatu
25%
Państwo Watykan
25%
Państwo Węgry
25%
Państwo Wenezuela
25%
Państwo Wielka Brytania
25%
Państwo Wietnam
25%
Państwo Włochy
25%
Państwo Wybrzeże Kości Słoniowej
25%
Państwo Wyspy Marshalla
25%
Państwo Wyspy Salomona
25%
Państwo Wyspy Świętego Tomasza i Książeca
25%
Państwo Zambia
25%
Państwo Zimbabwe
25%
Państwo Afganistan
22%
Państwo Arabia Saudyjska
22%
Państwo Argentyna
22%
Państwo Armenia
22%
Państwo Australia
22%
Państwo Bangladesz
22%
Państwo Białoruś
22%
Państwo Chiny
22%
Państwo Dania
22%
Państwo Dominika
22%
Państwo Dominikana
22%
Państwo Egipt
22%
Państwo Finlandia
22%
Państwo Ghana
22%
Państwo Grecja
22%
Państwo Gwinea Bissau
22%
Państwo Gwinea Równikowa
22%
Państwo Hiszpania
22%
Państwo Honduras
22%
Państwo Indie
22%
Państwo Irlandia
22%
Państwo Japonia
22%
Państwo Kamerun
22%
Państwo Kanada
22%
Państwo Kazachstan
22%
Państwo Kenia
22%
Państwo Kuba
22%
Państwo Liban
22%
Państwo Libia
22%
Państwo Liechtenstein
22%
Państwo Luksemburg
22%
Państwo Madagaskar
22%
Państwo Malawi
22%
Państwo Mauretania
22%
Państwo Mauritius
22%
Państwo Meksyk
22%
Państwo Mozambik
22%
Państwo Niemcy
22%
Państwo Niger
22%
Państwo Nigeria
22%
Państwo Nowa Zelandia
22%
Państwo Peru
22%
Państwo Portugalia
22%
Państwo Republika Południowej Afryki
22%
Państwo Republika Środkowoafrykańska
22%
Państwo Saint Lucia
22%
Państwo Singapur
22%
Państwo Słowenia
22%
Państwo Sri Lanka
22%
Państwo Turcja
22%
Państwo Uganda
22%
Państwo Ukraina
22%
Państwo Węgry
22%
Państwo Wielka Brytania
22%
Państwo Włochy
22%
Państwo Wybrzeże Kości Słoniowej
22%
Państwo Kanada
21%
Państwo Kenia
21%
Państwo Liban
21%
Państwo Watykan
21%
Państwo | Państwo Afganistan
20%
Państwo Albania
20%
Państwo Algieria
20%
Państwo Andora
20%
Państwo Angola
20%
Państwo Antigua i Barbuda
20%
Państwo Arabia Saudyjska
20%
Państwo Argentyna
20%
Państwo Armenia
20%
Państwo Australia
20%
Państwo Austria
20%
Państwo Azerbejdżan
20%
Państwo Bahamy
20%
Państwo Bahrajn
20%
Państwo Bangladesz
20%
Państwo Barbados
20%
Państwo Belgia
20%
Państwo Belize
20%
Państwo Benin
20%
Państwo Bhutan
20%
Państwo Białoruś
20%
Państwo Boliwia
20%
Państwo Bośnia i Hercegowina
20%
Państwo Botswana
20%
Państwo Brazylia
20%
Państwo Brunei
20%
Państwo Bułgaria
20%
Państwo Burkina Faso
20%
Państwo Burundi
20%
Państwo Chile
20%
Państwo Chiny
20%
Państwo Chorwacja
20%
Państwo Cypr
20%
Państwo Czad
20%
Państwo Czarnogóra
20%
Państwo Czechy
20%
Państwo Dania
20%
Państwo Demokratyczna Republika Konga
20%
Państwo Dominika
20%
Państwo Dominikana
20%
Państwo Dżibuti
20%
Państwo Egipt
20%
Państwo Ekwador
20%
Państwo Erytrea
20%
Państwo Estonia
20%
Państwo Eswatini
20%
Państwo Etiopia
20%
Państwo Fidżi
20%
Państwo Filipiny
20%
Państwo Finlandia
20%
Państwo Francja
20%
Państwo Gabon
20%
Państwo Gambia
20%
Państwo Ghana
20%
Państwo Grecja
20%
Państwo Grenada
20%
Państwo Gruzja
20%
Państwo Gujana
20%
Państwo Gwatemala
20%
Państwo Gwinea
20%
Państwo Gwinea Bissau
20%
Państwo Gwinea Równikowa
20%
Państwo Haiti
20%
Państwo Hiszpania
20%
Państwo Holandia
20%
Państwo Honduras
20%
Państwo Indie
20%
Państwo Indonezja
20%
Państwo Irak
20%
Państwo Iran
20%
Państwo Irlandia
20%
Państwo Islandia
20%
Państwo Izrael
20%
Państwo Jamajka
20%
Państwo Japonia
20%
Państwo Jemen
20%
Państwo Jordania
20%
Państwo Kambodża
20%
Państwo Kamerun
20%
Państwo Kanada
20%
Państwo Katar
20%
Państwo Kazachstan
20%
Państwo Kenia
20%
Państwo Kirgistan
20%
Państwo Kiribati
20%
Państwo Kolumbia
20%
Państwo Komory
20%
Państwo Kongo
20%
Państwo Korea Północna
20%
Państwo Korea Południowa
20%
Państwo Kosowo
20%
Państwo Kostaryka
20%
Państwo Kuba
20%
Państwo Kuwejt
20%
Państwo Laos
20%
Państwo Lesotho
20%
Państwo Liban
20%
Państwo Liberia
20%
Państwo Libia
20%
Państwo Liechtenstein
20%
Państwo Litwa
20%
Państwo Łotwa
20%
Państwo Luksemburg
20%
Państwo Macedonia Północna
20%
Państwo Madagaskar
20%
Państwo Malawi
20%
Państwo Malediwy
20%
Państwo Malezja
20%
Państwo Mali
20%
Państwo Malta
20%
Państwo Maroko
20%
Państwo Mauretania
20%
Państwo Mauritius
20%
Państwo Meksyk
20%
Państwo Mikronezja
20%
Państwo Mjanma
20%
Państwo Mołdawia
20%
Państwo Monako
20%
Państwo Mongolia
20%
Państwo Mozambik
20%
Państwo Namibia
20%
Państwo Nauru
20%
Państwo Nepal
20%
Państwo Niemcy
20%
Państwo Niger
20%
Państwo Nigeria
20%
Państwo Nikaragua
20%
Państwo Norwegia
20%
Państwo Nowa Zelandia
20%
Państwo Oman
20%
Państwo Pakistan
20%
Państwo Palau
20%
Państwo Panama
20%
Państwo Papua-Nowa Gwinea
20%
Państwo Paragwaj
20%
Państwo Peru
20%
Państwo Portugalia
20%
Państwo Republika Południowej Afryki
20%
Państwo Republika Środkowoafrykańska
20%
Państwo Republika Zielonego Przylądka
20%
Państwo Rosja
20%
Państwo Rumunia
20%
Państwo Rwanda
20%
Państwo Saint Kitts i Nevis
20%
Państwo Saint Lucia
20%
Państwo Saint Vincent i Grenadyny
20%
Państwo Salwador
20%
Państwo Samoa
20%
Państwo San Marino
20%
Państwo Senegal
20%
Państwo Serbia
20%
Państwo Seszele
20%
Państwo Sierra Leone
20%
Państwo Singapur
20%
Państwo Słowacja
20%
Państwo Słowenia
20%
Państwo Somalia
20%
Państwo Sri Lanka
20%
Państwo Stany Zjednoczone
20%
Państwo Sudan
20%
Państwo Sudan Południowy
20%
Państwo Surinam
20%
Państwo Syria
20%
Państwo Szwajcaria
20%
Państwo Szwecja
20%
Państwo Tadżykistan
20%
Państwo Tajlandia
20%
Państwo Tajwan
20%
Państwo Tanzania
20%
Państwo Timor Wschodni
20%
Państwo Togo
20%
Państwo Tonga
20%
Państwo Trynidad i Tobago
20%
Państwo Tunezja
20%
Państwo Turcja
20%
Państwo Turkmenistan
20%
Państwo Tuvalu
20%
Państwo Uganda
20%
Państwo Ukraina
20%
Państwo Urugwaj
20%
Państwo Uzbekistan
20%
Państwo Vanuatu
20%
Państwo Watykan
20%
Państwo Węgry
20%
Państwo Wenezuela
20%
Państwo Wielka Brytania
20%
Państwo Wietnam
20%
Państwo Włochy
20%
Państwo Wybrzeże Kości Słoniowej
20%
Państwo Wyspy Marshalla
20%
Państwo Wyspy Salomona
20%
Państwo Wyspy Świętego Tomasza i Książeca
20%
Państwo Zambia
20%
Państwo Zimbabwe
20%
Państwo Zjednoczone Emiraty Arabskie
20%
Państwo Afganistan
18%
Państwo Albania
18%
Państwo Andora
18%
Państwo Angola
18%
Państwo Antigua i Barbuda
18%
Państwo Arabia Saudyjska
18%
Państwo Armenia
18%
Państwo Australia
18%
Państwo Austria
18%
Państwo Azerbejdżan
18%
Państwo Bahamy
18%
Państwo Bahrajn
18%
Państwo Bangladesz
18%
Państwo Barbados
18%
Państwo Belgia
18%
Państwo Belize
18%
Państwo Benin
18%
Państwo Bhutan
18%
Państwo Białoruś
18%
Państwo Boliwia
18%
Państwo Bośnia i Hercegowina
18%
Państwo Botswana
18%
Państwo Brunei
18%
Państwo Bułgaria
18%
Państwo Burkina Faso
18%
Państwo Burundi
18%
Państwo Chile
18%
Państwo Chiny
18%
Państwo Chorwacja
18%
Państwo Cypr
18%
Państwo Czarnogóra
18%
Państwo Czechy
18%
Państwo Dania
18%
Państwo Demokratyczna Republika Konga
18%
Państwo Dominika
18%
Państwo Dominikana
18%
Państwo Dżibuti
18%
Państwo Egipt
18%
Państwo Ekwador
18%
Państwo Erytrea
18%
Państwo Estonia
18%
Państwo Eswatini
18%
Państwo Etiopia
18%
Państwo Fidżi
18%
Państwo Filipiny
18%
Państwo Finlandia
18%
Państwo Gabon
18%
Państwo Gambia
18%
Państwo Grecja
18%
Państwo Grenada
18%
Państwo Gruzja
18%
Państwo Gujana
18%
Państwo Gwatemala
18%
Państwo Gwinea Bissau
18%
Państwo Gwinea Równikowa
18%
Państwo Haiti
18%
Państwo Hiszpania
18%
Państwo Holandia
18%
Państwo Honduras
18%
Państwo Irak
18%
Państwo Iran
18%
Państwo Irlandia
18%
Państwo Islandia
18%
Państwo Izrael
18%
Państwo Jamajka
18%
Państwo Japonia
18%
Państwo Jemen
18%
Państwo Jordania
18%
Państwo Kambodża
18%
Państwo Kamerun
18%
Państwo Kanada
18%
Państwo Katar
18%
Państwo Kenia
18%
Państwo Kiribati
18%
Państwo Kolumbia
18%
Państwo Komory
18%
Państwo Kongo
18%
Państwo Korea Północna
18%
Państwo Korea Południowa
18%
Państwo Kosowo
18%
Państwo Kostaryka
18%
Państwo Kuba
18%
Państwo Kuwejt
18%
Państwo Laos
18%
Państwo Lesotho
18%
Państwo Liban
18%
Państwo Liberia
18%
Państwo Libia
18%
Państwo Liechtenstein
18%
Państwo Litwa
18%
Państwo Łotwa
18%
Państwo Luksemburg
18%
Państwo Macedonia Północna
18%
Państwo Madagaskar
18%
Państwo Malawi
18%
Państwo Malediwy
18%
Państwo Malezja
18%
Państwo Malta
18%
Państwo Maroko
18%
Państwo Mauretania
18%
Państwo Mikronezja
18%
Państwo Mjanma
18%
Państwo Mongolia
18%
Państwo Mozambik
18%
Państwo Namibia
18%
Państwo Nauru
18%
Państwo Nepal
18%
Państwo Niemcy
18%
Państwo Niger
18%
Państwo Nigeria
18%
Państwo Nikaragua
18%
Państwo Norwegia
18%
Państwo Nowa Zelandia
18%
Państwo Oman
18%
Państwo Pakistan
18%
Państwo Palau
18%
Państwo Panama
18%
Państwo Papua-Nowa Gwinea
18%
Państwo Paragwaj
18%
Państwo Peru
18%
Państwo Portugalia
18%
Państwo Republika Środkowoafrykańska
18%
Państwo Republika Zielonego Przylądka
18%
Państwo Rwanda
18%
Państwo Saint Kitts i Nevis
18%
Państwo Saint Lucia
18%
Państwo Saint Vincent i Grenadyny
18%
Państwo Salwador
18%
Państwo Samoa
18%
Państwo San Marino
18%
Państwo Serbia
18%
Państwo Sierra Leone
18%
Państwo Singapur
18%
Państwo Słowacja
18%
Państwo Słowenia
18%
Państwo Somalia
18%
Państwo Sri Lanka
18%
Państwo Sudan Południowy
18%
Państwo Surinam
18%
Państwo Syria
18%
Państwo Szwajcaria
18%
Państwo Tadżykistan
18%
Państwo Tajlandia
18%
Państwo Tajwan
18%
Państwo Tanzania
18%
Państwo Timor Wschodni
18%
Państwo Togo
18%
Państwo Tonga
18%
Państwo Trynidad i Tobago
18%
Państwo Tunezja
18%
Państwo Turcja
18%
Państwo Turkmenistan
18%
Państwo Tuvalu
18%
Państwo Uganda
18%
Państwo Urugwaj
18%
Państwo Uzbekistan
18%
Państwo Vanuatu
18%
Państwo Watykan
18%
Państwo Wenezuela
18%
Państwo Wielka Brytania
18%
Państwo Wietnam
18%
Państwo Włochy
18%
Państwo Wyspy Marshalla
18%
Państwo Wyspy Salomona
18%
Państwo Wyspy Świętego Tomasza i Książeca
18%
Państwo Zambia
18%
Państwo Zimbabwe
18%
Państwo Zjednoczone Emiraty Arabskie
18%
Państwo | Państwo Afganistan
17%
Państwo Albania
17%
Państwo Algieria
17%
Państwo Andora
17%
Państwo Angola
17%
Państwo Antigua i Barbuda
17%
Państwo Arabia Saudyjska
17%
Państwo Argentyna
17%
Państwo Armenia
17%
Państwo Australia
17%
Państwo Austria
17%
Państwo Azerbejdżan
17%
Państwo Bahamy
17%
Państwo Bahrajn
17%
Państwo Bangladesz
17%
Państwo Barbados
17%
Państwo Belgia
17%
Państwo Belize
17%
Państwo Benin
17%
Państwo Bhutan
17%
Państwo Białoruś
17%
Państwo Boliwia
17%
Państwo Bośnia i Hercegowina
17%
Państwo Botswana
17%
Państwo Brazylia
17%
Państwo Brunei
17%
Państwo Bułgaria
17%
Państwo Burkina Faso
17%
Państwo Burundi
17%
Państwo Chile
17%
Państwo Chiny
17%
Państwo Chorwacja
17%
Państwo Cypr
17%
Państwo Czad
17%
Państwo Czarnogóra
17%
Państwo Czechy
17%
Państwo Dania
17%
Państwo Demokratyczna Republika Konga
17%
Państwo Dominika
17%
Państwo Dominikana
17%
Państwo Dżibuti
17%
Państwo Egipt
17%
Państwo Ekwador
17%
Państwo Erytrea
17%
Państwo Estonia
17%
Państwo Eswatini
17%
Państwo Etiopia
17%
Państwo Fidżi
17%
Państwo Filipiny
17%
Państwo Finlandia
17%
Państwo Francja
17%
Państwo Gabon
17%
Państwo Gambia
17%
Państwo Ghana
17%
Państwo Grecja
17%
Państwo Grenada
17%
Państwo Gruzja
17%
Państwo Gujana
17%
Państwo Gwatemala
17%
Państwo Gwinea
17%
Państwo Gwinea Bissau
17%
Państwo Gwinea Równikowa
17%
Państwo Haiti
17%
Państwo Hiszpania
17%
Państwo Holandia
17%
Państwo Honduras
17%
Państwo Indie
17%
Państwo Indonezja
17%
Państwo Irak
17%
Państwo Iran
17%
Państwo Irlandia
17%
Państwo Islandia
17%
Państwo Izrael
17%
Państwo Jamajka
17%
Państwo Japonia
17%
Państwo Jemen
17%
Państwo Jordania
17%
Państwo Kambodża
17%
Państwo Kamerun
17%
Państwo Kanada
17%
Państwo Katar
17%
Państwo Kazachstan
17%
Państwo Kenia
17%
Państwo Kirgistan
17%
Państwo Kiribati
17%
Państwo Kolumbia
17%
Państwo Komory
17%
Państwo Kongo
17%
Państwo Korea Północna
17%
Państwo Korea Południowa
17%
Państwo Kosowo
17%
Państwo Kostaryka
17%
Państwo Kuba
17%
Państwo Kuwejt
17%
Państwo Laos
17%
Państwo Lesotho
17%
Państwo Liban
17%
Państwo Liberia
17%
Państwo Libia
17%
Państwo Liechtenstein
17%
Państwo Litwa
17%
Państwo Łotwa
17%
Państwo Luksemburg
17%
Państwo Macedonia Północna
17%
Państwo Madagaskar
17%
Państwo Malawi
17%
Państwo Malediwy
17%
Państwo Malezja
17%
Państwo Mali
17%
Państwo Malta
17%
Państwo Maroko
17%
Państwo Mauretania
17%
Państwo Mauritius
17%
Państwo Meksyk
17%
Państwo Mikronezja
17%
Państwo Mjanma
17%
Państwo Mołdawia
17%
Państwo Monako
17%
Państwo Mongolia
17%
Państwo Mozambik
17%
Państwo Namibia
17%
Państwo Nauru
17%
Państwo Nepal
17%
Państwo Niemcy
17%
Państwo Niger
17%
Państwo Nigeria
17%
Państwo Nikaragua
17%
Państwo Norwegia
17%
Państwo Nowa Zelandia
17%
Państwo Oman
17%
Państwo Pakistan
17%
Państwo Palau
17%
Państwo Panama
17%
Państwo Papua-Nowa Gwinea
17%
Państwo Paragwaj
17%
Państwo Peru
17%
Państwo Portugalia
17%
Państwo Republika Południowej Afryki
17%
Państwo Republika Środkowoafrykańska
17%
Państwo Republika Zielonego Przylądka
17%
Państwo Rumunia
17%
Państwo Rwanda
17%
Państwo Saint Kitts i Nevis
17%
Państwo Saint Lucia
17%
Państwo Saint Vincent i Grenadyny
17%
Państwo Salwador
17%
Państwo Samoa
17%
Państwo San Marino
17%
Państwo Senegal
17%
Państwo Serbia
17%
Państwo Seszele
17%
Państwo Sierra Leone
17%
Państwo Singapur
17%
Państwo Słowacja
17%
Państwo Słowenia
17%
Państwo Somalia
17%
Państwo Sri Lanka
17%
Państwo Stany Zjednoczone
17%
Państwo Sudan
17%
Państwo Sudan Południowy
17%
Państwo Surinam
17%
Państwo Syria
17%
Państwo Szwajcaria
17%
Państwo Szwecja
17%
Państwo Tadżykistan
17%
Państwo Tajlandia
17%
Państwo Tajwan
17%
Państwo Tanzania
17%
Państwo Timor Wschodni
17%
Państwo Togo
17%
Państwo Tonga
17%
Państwo Trynidad i Tobago
17%
Państwo Tunezja
17%
Państwo Turcja
17%
Państwo Turkmenistan
17%
Państwo Tuvalu
17%
Państwo Uganda
17%
Państwo Ukraina
17%
Państwo Urugwaj
17%
Państwo Uzbekistan
17%
Państwo Vanuatu
17%
Państwo Watykan
17%
Państwo Węgry
17%
Państwo Wenezuela
17%
Państwo Wielka Brytania
17%
Państwo Wietnam
17%
Państwo Włochy
17%
Państwo Wybrzeże Kości Słoniowej
17%
Państwo Wyspy Marshalla
17%
Państwo Wyspy Salomona
17%
Państwo Wyspy Świętego Tomasza i Książeca
17%
Państwo Zambia
17%
Państwo Zimbabwe
17%
Państwo Zjednoczone Emiraty Arabskie
17%
Państwo | Państwo Afganistan
14%
Państwo Albania
14%
Państwo Algieria
14%
Państwo Andora
14%
Państwo Angola
14%
Państwo Antigua i Barbuda
14%
Państwo Arabia Saudyjska
14%
Państwo Argentyna
14%
Państwo Armenia
14%
Państwo Australia
14%
Państwo Austria
14%
Państwo Azerbejdżan
14%
Państwo Bahamy
14%
Państwo Bahrajn
14%
Państwo Bangladesz
14%
Państwo Barbados
14%
Państwo Belgia
14%
Państwo Belize
14%
Państwo Benin
14%
Państwo Bhutan
14%
Państwo Białoruś
14%
Państwo Boliwia
14%
Państwo Bośnia i Hercegowina
14%
Państwo Botswana
14%
Państwo Brazylia
14%
Państwo Brunei
14%
Państwo Bułgaria
14%
Państwo Burkina Faso
14%
Państwo Burundi
14%
Państwo Chile
14%
Państwo Chorwacja
14%
Państwo Cypr
14%
Państwo Czad
14%
Państwo Czarnogóra
14%
Państwo Czechy
14%
Państwo Dania
14%
Państwo Demokratyczna Republika Konga
14%
Państwo Dominika
14%
Państwo Dominikana
14%
Państwo Dżibuti
14%
Państwo Egipt
14%
Państwo Ekwador
14%
Państwo Erytrea
14%
Państwo Estonia
14%
Państwo Eswatini
14%
Państwo Etiopia
14%
Państwo Fidżi
14%
Państwo Filipiny
14%
Państwo Finlandia
14%
Państwo Francja
14%
Państwo Gabon
14%
Państwo Gambia
14%
Państwo Ghana
14%
Państwo Grecja
14%
Państwo Grenada
14%
Państwo Gruzja
14%
Państwo Gujana
14%
Państwo Gwatemala
14%
Państwo Gwinea
14%
Państwo Gwinea Bissau
14%
Państwo Gwinea Równikowa
14%
Państwo Haiti
14%
Państwo Hiszpania
14%
Państwo Holandia
14%
Państwo Honduras
14%
Państwo Indie
14%
Państwo Indonezja
14%
Państwo Irak
14%
Państwo Iran
14%
Państwo Irlandia
14%
Państwo Islandia
14%
Państwo Izrael
14%
Państwo Jamajka
14%
Państwo Japonia
14%
Państwo Jemen
14%
Państwo Jordania
14%
Państwo Kambodża
14%
Państwo Kamerun
14%
Państwo Kanada
14%
Państwo Katar
14%
Państwo Kazachstan
14%
Państwo Kenia
14%
Państwo Kirgistan
14%
Państwo Kiribati
14%
Państwo Kolumbia
14%
Państwo Komory
14%
Państwo Kongo
14%
Państwo Korea Północna
14%
Państwo Korea Południowa
14%
Państwo Kosowo
14%
Państwo Kostaryka
14%
Państwo Kuba
14%
Państwo Kuwejt
14%
Państwo Laos
14%
Państwo Lesotho
14%
Państwo Liban
14%
Państwo Liberia
14%
Państwo Libia
14%
Państwo Liechtenstein
14%
Państwo Litwa
14%
Państwo Łotwa
14%
Państwo Luksemburg
14%
Państwo Macedonia Północna
14%
Państwo Madagaskar
14%
Państwo Malawi
14%
Państwo Malediwy
14%
Państwo Malezja
14%
Państwo Mali
14%
Państwo Malta
14%
Państwo Maroko
14%
Państwo Mauretania
14%
Państwo Mauritius
14%
Państwo Meksyk
14%
Państwo Mikronezja
14%
Państwo Mjanma
14%
Państwo Mołdawia
14%
Państwo Monako
14%
Państwo Mongolia
14%
Państwo Mozambik
14%
Państwo Namibia
14%
Państwo Nauru
14%
Państwo Nepal
14%
Państwo Niger
14%
Państwo Nigeria
14%
Państwo Nikaragua
14%
Państwo Norwegia
14%
Państwo Nowa Zelandia
14%
Państwo Oman
14%
Państwo Pakistan
14%
Państwo Palau
14%
Państwo Panama
14%
Państwo Papua-Nowa Gwinea
14%
Państwo Paragwaj
14%
Państwo Peru
14%
Państwo Portugalia
14%
Państwo Republika Południowej Afryki
14%
Państwo Republika Środkowoafrykańska
14%
Państwo Republika Zielonego Przylądka
14%
Państwo Rosja
14%
Państwo Rumunia
14%
Państwo Rwanda
14%
Państwo Saint Kitts i Nevis
14%
Państwo Saint Lucia
14%
Państwo Saint Vincent i Grenadyny
14%
Państwo Salwador
14%
Państwo Samoa
14%
Państwo San Marino
14%
Państwo Senegal
14%
Państwo Serbia
14%
Państwo Sierra Leone
14%
Państwo Singapur
14%
Państwo Słowacja
14%
Państwo Słowenia
14%
Państwo Somalia
14%
Państwo Sri Lanka
14%
Państwo Sudan
14%
Państwo Sudan Południowy
14%
Państwo Surinam
14%
Państwo Syria
14%
Państwo Szwajcaria
14%
Państwo Szwecja
14%
Państwo Tadżykistan
14%
Państwo Tajlandia
14%
Państwo Tajwan
14%
Państwo Tanzania
14%
Państwo Timor Wschodni
14%
Państwo Togo
14%
Państwo Tonga
14%
Państwo Trynidad i Tobago
14%
Państwo Tunezja
14%
Państwo Turcja
14%
Państwo Turkmenistan
14%
Państwo Tuvalu
14%
Państwo Uganda
14%
Państwo Ukraina
14%
Państwo Uzbekistan
14%
Państwo Vanuatu
14%
Państwo Watykan
14%
Państwo Węgry
14%
Państwo Wenezuela
14%
Państwo Wielka Brytania
14%
Państwo Wietnam
14%
Państwo Wybrzeże Kości Słoniowej
14%
Państwo Wyspy Marshalla
14%
Państwo Wyspy Salomona
14%
Państwo Wyspy Świętego Tomasza i Książeca
14%
Państwo Zambia
14%
Państwo Zimbabwe
14%
Państwo Zjednoczone Emiraty Arabskie
14%
Państwo | Państwo | Państwo Afganistan
13%
Państwo Albania
13%
Państwo Algieria
13%
Państwo Andora
13%
Państwo Angola
13%
Państwo Antigua i Barbuda
13%
Państwo Arabia Saudyjska
13%
Państwo Argentyna
13%
Państwo Armenia
13%
Państwo Austria
13%
Państwo Azerbejdżan
13%
Państwo Bahamy
13%
Państwo Bahrajn
13%
Państwo Bangladesz
13%
Państwo Barbados
13%
Państwo Belgia
13%
Państwo Belize
13%
Państwo Benin
13%
Państwo Bhutan
13%
Państwo Białoruś
13%
Państwo Boliwia
13%
Państwo Bośnia i Hercegowina
13%
Państwo Botswana
13%
Państwo Brazylia
13%
Państwo Brunei
13%
Państwo Bułgaria
13%
Państwo Burkina Faso
13%
Państwo Burundi
13%
Państwo Chile
13%
Państwo Chiny
13%
Państwo Chorwacja
13%
Państwo Cypr
13%
Państwo Czad
13%
Państwo Czarnogóra
13%
Państwo Czechy
13%
Państwo Dania
13%
Państwo Demokratyczna Republika Konga
13%
Państwo Dominika
13%
Państwo Dominikana
13%
Państwo Dżibuti
13%
Państwo Egipt
13%
Państwo Ekwador
13%
Państwo Erytrea
13%
Państwo Estonia
13%
Państwo Eswatini
13%
Państwo Etiopia
13%
Państwo Fidżi
13%
Państwo Filipiny
13%
Państwo Finlandia
13%
Państwo Gabon
13%
Państwo Gambia
13%
Państwo Ghana
13%
Państwo Grecja
13%
Państwo Grenada
13%
Państwo Gruzja
13%
Państwo Gujana
13%
Państwo Gwatemala
13%
Państwo Gwinea
13%
Państwo Gwinea Bissau
13%
Państwo Gwinea Równikowa
13%
Państwo Haiti
13%
Państwo Hiszpania
13%
Państwo Holandia
13%
Państwo Honduras
13%
Państwo Indie
13%
Państwo Indonezja
13%
Państwo Irak
13%
Państwo Iran
13%
Państwo Irlandia
13%
Państwo Islandia
13%
Państwo Izrael
13%
Państwo Jamajka
13%
Państwo Japonia
13%
Państwo Jemen
13%
Państwo Jordania
13%
Państwo Kambodża
13%
Państwo Kamerun
13%
Państwo Katar
13%
Państwo Kazachstan
13%
Państwo Kenia
13%
Państwo Kirgistan
13%
Państwo Kiribati
13%
Państwo Kolumbia
13%
Państwo Komory
13%
Państwo Kongo
13%
Państwo Korea Północna
13%
Państwo Korea Południowa
13%
Państwo Kosowo
13%
Państwo Kostaryka
13%
Państwo Kuba
13%
Państwo Kuwejt
13%
Państwo Laos
13%
Państwo Lesotho
13%
Państwo Liban
13%
Państwo Liberia
13%
Państwo Libia
13%
Państwo Liechtenstein
13%
Państwo Litwa
13%
Państwo Łotwa
13%
Państwo Luksemburg
13%
Państwo Macedonia Północna
13%
Państwo Madagaskar
13%
Państwo Malawi
13%
Państwo Malediwy
13%
Państwo Malezja
13%
Państwo Mali
13%
Państwo Malta
13%
Państwo Maroko
13%
Państwo Mauretania
13%
Państwo Mauritius
13%
Państwo Mikronezja
13%
Państwo Mjanma
13%
Państwo Mołdawia
13%
Państwo Monako
13%
Państwo Mongolia
13%
Państwo Mozambik
13%
Państwo Namibia
13%
Państwo Nauru
13%
Państwo Nepal
13%
Państwo Niemcy
13%
Państwo Niger
13%
Państwo Nigeria
13%
Państwo Nikaragua
13%
Państwo Norwegia
13%
Państwo Nowa Zelandia
13%
Państwo Oman
13%
Państwo Pakistan
13%
Państwo Palau
13%
Państwo Panama
13%
Państwo Papua-Nowa Gwinea
13%
Państwo Paragwaj
13%
Państwo Peru
13%
Państwo Portugalia
13%
Państwo Republika Południowej Afryki
13%
Państwo Republika Środkowoafrykańska
13%
Państwo Republika Zielonego Przylądka
13%
Państwo Rumunia
13%
Państwo Rwanda
13%
Państwo Saint Kitts i Nevis
13%
Państwo Saint Lucia
13%
Państwo Saint Vincent i Grenadyny
13%
Państwo Salwador
13%
Państwo Samoa
13%
Państwo San Marino
13%
Państwo Senegal
13%
Państwo Serbia
13%
Państwo Seszele
13%
Państwo Sierra Leone
13%
Państwo Singapur
13%
Państwo Słowacja
13%
Państwo Słowenia
13%
Państwo Somalia
13%
Państwo Sri Lanka
13%
Państwo Sudan
13%
Państwo Sudan Południowy
13%
Państwo Surinam
13%
Państwo Syria
13%
Państwo Szwajcaria
13%
Państwo Szwecja
13%
Państwo Tadżykistan
13%
Państwo Tajlandia
13%
Państwo Tajwan
13%
Państwo Tanzania
13%
Państwo Timor Wschodni
13%
Państwo Togo
13%
Państwo Tonga
13%
Państwo Trynidad i Tobago
13%
Państwo Tunezja
13%
Państwo Turcja
13%
Państwo Turkmenistan
13%
Państwo Tuvalu
13%
Państwo Uganda
13%
Państwo Ukraina
13%
Państwo Urugwaj
13%
Państwo Uzbekistan
13%
Państwo Vanuatu
13%
Państwo Watykan
13%
Państwo Węgry
13%
Państwo Wenezuela
13%
Państwo Wielka Brytania
13%
Państwo Wietnam
13%
Państwo Włochy
13%
Państwo Wybrzeże Kości Słoniowej
13%
Państwo Wyspy Marshalla
13%
Państwo Wyspy Salomona
13%
Państwo Wyspy Świętego Tomasza i Książeca
13%
Państwo Zambia
13%
Państwo Zimbabwe
13%
Państwo Zjednoczone Emiraty Arabskie
13%
Państwo | Państwo Afganistan
11%
Państwo Albania
11%
Państwo Algieria
11%
Państwo Andora
11%
Państwo Angola
11%
Państwo Antigua i Barbuda
11%
Państwo Arabia Saudyjska
11%
Państwo Argentyna
11%
Państwo Armenia
11%
Państwo Australia
11%
Państwo Austria
11%
Państwo Azerbejdżan
11%
Państwo Bahamy
11%
Państwo Bahrajn
11%
Państwo Bangladesz
11%
Państwo Barbados
11%
Państwo Belgia
11%
Państwo Belize
11%
Państwo Benin
11%
Państwo Bhutan
11%
Państwo Białoruś
11%
Państwo Boliwia
11%
Państwo Bośnia i Hercegowina
11%
Państwo Botswana
11%
Państwo Brazylia
11%
Państwo Brunei
11%
Państwo Bułgaria
11%
Państwo Burkina Faso
11%
Państwo Burundi
11%
Państwo Chile
11%
Państwo Chorwacja
11%
Państwo Cypr
11%
Państwo Czad
11%
Państwo Czarnogóra
11%
Państwo Czechy
11%
Państwo Dania
11%
Państwo Demokratyczna Republika Konga
11%
Państwo Dominika
11%
Państwo Dominikana
11%
Państwo Dżibuti
11%
Państwo Egipt
11%
Państwo Ekwador
11%
Państwo Erytrea
11%
Państwo Estonia
11%
Państwo Eswatini
11%
Państwo Etiopia
11%
Państwo Fidżi
11%
Państwo Filipiny
11%
Państwo Finlandia
11%
Państwo Gabon
11%
Państwo Gambia
11%
Państwo Ghana
11%
Państwo Grecja
11%
Państwo Grenada
11%
Państwo Gruzja
11%
Państwo Gujana
11%
Państwo Gwatemala
11%
Państwo Gwinea
11%
Państwo Gwinea Bissau
11%
Państwo Gwinea Równikowa
11%
Państwo Haiti
11%
Państwo Hiszpania
11%
Państwo Honduras
11%
Państwo Indie
11%
Państwo Indonezja
11%
Państwo Irak
11%
Państwo Iran
11%
Państwo Irlandia
11%
Państwo Islandia
11%
Państwo Izrael
11%
Państwo Jamajka
11%
Państwo Japonia
11%
Państwo Jemen
11%
Państwo Jordania
11%
Państwo Kambodża
11%
Państwo Kamerun
11%
Państwo Katar
11%
Państwo Kazachstan
11%
Państwo Kenia
11%
Państwo Kirgistan
11%
Państwo Kiribati
11%
Państwo Kolumbia
11%
Państwo Komory
11%
Państwo Kongo
11%
Państwo Korea Północna
11%
Państwo Korea Południowa
11%
Państwo Kosowo
11%
Państwo Kostaryka
11%
Państwo Kuba
11%
Państwo Kuwejt
11%
Państwo Laos
11%
Państwo Lesotho
11%
Państwo Liban
11%
Państwo Liberia
11%
Państwo Libia
11%
Państwo Liechtenstein
11%
Państwo Litwa
11%
Państwo Łotwa
11%
Państwo Luksemburg
11%
Państwo Macedonia Północna
11%
Państwo Madagaskar
11%
Państwo Malawi
11%
Państwo Malediwy
11%
Państwo Malezja
11%
Państwo Mali
11%
Państwo Malta
11%
Państwo Maroko
11%
Państwo Mauretania
11%
Państwo Mauritius
11%
Państwo Meksyk
11%
Państwo Mikronezja
11%
Państwo Mjanma
11%
Państwo Mołdawia
11%
Państwo Monako
11%
Państwo Mongolia
11%
Państwo Mozambik
11%
Państwo Namibia
11%
Państwo Nauru
11%
Państwo Nepal
11%
Państwo Niger
11%
Państwo Nigeria
11%
Państwo Nikaragua
11%
Państwo Norwegia
11%
Państwo Nowa Zelandia
11%
Państwo Oman
11%
Państwo Pakistan
11%
Państwo Palau
11%
Państwo Panama
11%
Państwo Papua-Nowa Gwinea
11%
Państwo Paragwaj
11%
Państwo Peru
11%
Państwo Portugalia
11%
Państwo Republika Środkowoafrykańska
11%
Państwo Republika Zielonego Przylądka
11%
Państwo Rumunia
11%
Państwo Rwanda
11%
Państwo Saint Kitts i Nevis
11%
Państwo Saint Lucia
11%
Państwo Saint Vincent i Grenadyny
11%
Państwo Salwador
11%
Państwo Samoa
11%
Państwo San Marino
11%
Państwo Senegal
11%
Państwo Serbia
11%
Państwo Seszele
11%
Państwo Sierra Leone
11%
Państwo Singapur
11%
Państwo Słowacja
11%
Państwo Słowenia
11%
Państwo Somalia
11%
Państwo Sri Lanka
11%
Państwo Sudan
11%
Państwo Sudan Południowy
11%
Państwo Surinam
11%
Państwo Syria
11%
Państwo Szwajcaria
11%
Państwo Szwecja
11%
Państwo Tadżykistan
11%
Państwo Tajlandia
11%
Państwo Tajwan
11%
Państwo Tanzania
11%
Państwo Timor Wschodni
11%
Państwo Togo
11%
Państwo Tonga
11%
Państwo Trynidad i Tobago
11%
Państwo Tunezja
11%
Państwo Turcja
11%
Państwo Turkmenistan
11%
Państwo Tuvalu
11%
Państwo Uganda
11%
Państwo Ukraina
11%
Państwo Urugwaj
11%
Państwo Uzbekistan
11%
Państwo Vanuatu
11%
Państwo Watykan
11%
Państwo Węgry
11%
Państwo Wenezuela
11%
Państwo Wielka Brytania
11%
Państwo Wietnam
11%
Państwo Włochy
11%
Państwo Wybrzeże Kości Słoniowej
11%
Państwo Wyspy Marshalla
11%
Państwo Wyspy Salomona
11%
Państwo Wyspy Świętego Tomasza i Książeca
11%
Państwo Zambia
11%
Państwo Zimbabwe
11%
Państwo Zjednoczone Emiraty Arabskie
11%
Państwo Argentyna
10%
Państwo Austria
10%
Państwo Czechy
10%
Państwo Demokratyczna Republika Konga
10%
Państwo Egipt
10%
Państwo Etiopia
10%
Państwo Finlandia
10%
Państwo Hiszpania
10%
Państwo Irlandia
10%
Państwo Jemen
10%
Państwo Kanada
10%
Państwo Katar
10%
Państwo Korea Północna
10%
Państwo Kuwejt
10%
Państwo Lesotho
10%
Państwo Madagaskar
10%
Państwo Mauretania
10%
Państwo Meksyk
10%
Państwo Monako
10%
Państwo Niger
10%
Państwo Oman
10%
Państwo Singapur
10%
Państwo Sri Lanka
10%
Państwo Tajlandia
10%
Państwo Tanzania
10%
Państwo Urugwaj
10%
Państwo Algieria
9%
Państwo Angola
9%
Państwo Argentyna
9%
Państwo Armenia
9%
Państwo Austria
9%
Państwo Belgia
9%
Państwo Benin
9%
Państwo Białoruś
9%
Państwo Boliwia
9%
Państwo Burundi
9%
Państwo Cypr
9%
Państwo Czechy
9%
Państwo Demokratyczna Republika Konga
9%
Państwo Egipt
9%
Państwo Estonia
9%
Państwo Finlandia
9%
Państwo Ghana
9%
Państwo Gujana
9%
Państwo Gwinea
9%
Państwo Gwinea Bissau
9%
Państwo Gwinea Równikowa
9%
Państwo Hiszpania
9%
Państwo Holandia
9%
Państwo Irak
9%
Państwo Irlandia
9%
Państwo Islandia
9%
Państwo Izrael
9%
Państwo Jemen
9%
Państwo Katar
9%
Państwo Kazachstan
9%
Państwo Kenia
9%
Państwo Kirgistan
9%
Państwo Kolumbia
9%
Państwo Kongo
9%
Państwo Libia
9%
Państwo Litwa
9%
Państwo Macedonia Północna
9%
Państwo Madagaskar
9%
Państwo Mali
9%
Państwo Meksyk
9%
Państwo Niger
9%
Państwo Oman
9%
Państwo Portugalia
9%
Państwo Republika Południowej Afryki
9%
Państwo Saint Kitts i Nevis
9%
Państwo Seszele
9%
Państwo Sierra Leone
9%
Państwo Słowenia
9%
Państwo Sudan
9%
Państwo Tajwan
9%
Państwo Tanzania
9%
Państwo Togo
9%
Państwo Tunezja
9%
Państwo Turcja
9%
Państwo Ukraina
9%
Państwo Uzbekistan
9%
Państwo Watykan
9%
Państwo Węgry
9%
Państwo Wenezuela
9%
Państwo Wielka Brytania
9%
Państwo Wybrzeże Kości Słoniowej
9%
Państwo Afganistan
8%
Państwo Albania
8%
Państwo Andora
8%
Państwo Antigua i Barbuda
8%
Państwo Arabia Saudyjska
8%
Państwo Armenia
8%
Państwo Austria
8%
Państwo Azerbejdżan
8%
Państwo Bahamy
8%
Państwo Bahrajn
8%
Państwo Barbados
8%
Państwo Belize
8%
Państwo Benin
8%
Państwo Bhutan
8%
Państwo Białoruś
8%
Państwo Bośnia i Hercegowina
8%
Państwo Botswana
8%
Państwo Brunei
8%
Państwo Bułgaria
8%
Państwo Burkina Faso
8%
Państwo Burundi
8%
Państwo Chorwacja
8%
Państwo Czad
8%
Państwo Czarnogóra
8%
Państwo Czechy
8%
Państwo Dania
8%
Państwo Dominika
8%
Państwo Dominikana
8%
Państwo Dżibuti
8%
Państwo Ekwador
8%
Państwo Erytrea
8%
Państwo Estonia
8%
Państwo Eswatini
8%
Państwo Etiopia
8%
Państwo Fidżi
8%
Państwo Filipiny
8%
Państwo Gabon
8%
Państwo Gambia
8%
Państwo Ghana
8%
Państwo Grenada
8%
Państwo Gujana
8%
Państwo Gwatemala
8%
Państwo Gwinea Bissau
8%
Państwo Gwinea Równikowa
8%
Państwo Haiti
8%
Państwo Holandia
8%
Państwo Honduras
8%
Państwo Irak
8%
Państwo Iran
8%
Państwo Irlandia
8%
Państwo Izrael
8%
Państwo Jamajka
8%
Państwo Japonia
8%
Państwo Jemen
8%
Państwo Jordania
8%
Państwo Kambodża
8%
Państwo Kamerun
8%
Państwo Katar
8%
Państwo Kirgistan
8%
Państwo Kiribati
8%
Państwo Kongo
8%
Państwo Korea Północna
8%
Państwo Korea Południowa
8%
Państwo Kosowo
8%
Państwo Kostaryka
8%
Państwo Kuba
8%
Państwo Kuwejt
8%
Państwo Laos
8%
Państwo Lesotho
8%
Państwo Liban
8%
Państwo Liberia
8%
Państwo Libia
8%
Państwo Liechtenstein
8%
Państwo Łotwa
8%
Państwo Luksemburg
8%
Państwo Macedonia Północna
8%
Państwo Madagaskar
8%
Państwo Malawi
8%
Państwo Malediwy
8%
Państwo Malezja
8%
Państwo Malta
8%
Państwo Maroko
8%
Państwo Mauretania
8%
Państwo Mauritius
8%
Państwo Meksyk
8%
Państwo Mikronezja
8%
Państwo Mołdawia
8%
Państwo Monako
8%
Państwo Mozambik
8%
Państwo Namibia
8%
Państwo Nauru
8%
Państwo Nepal
8%
Państwo Niger
8%
Państwo Nigeria
8%
Państwo Nikaragua
8%
Państwo Nowa Zelandia
8%
Państwo Oman
8%
Państwo Palau
8%
Państwo Panama
8%
Państwo Papua-Nowa Gwinea
8%
Państwo Paragwaj
8%
Państwo Portugalia
8%
Państwo Republika Południowej Afryki
8%
Państwo Republika Środkowoafrykańska
8%
Państwo Republika Zielonego Przylądka
8%
Państwo Rumunia
8%
Państwo Rwanda
8%
Państwo Saint Kitts i Nevis
8%
Państwo Saint Lucia
8%
Państwo Saint Vincent i Grenadyny
8%
Państwo Salwador
8%
Państwo Samoa
8%
Państwo San Marino
8%
Państwo Senegal
8%
Państwo Serbia
8%
Państwo Seszele
8%
Państwo Sierra Leone
8%
Państwo Słowacja
8%
Państwo Słowenia
8%
Państwo Somalia
8%
Państwo Sri Lanka
8%
Państwo Sudan
8%
Państwo Sudan Południowy
8%
Państwo Surinam
8%
Państwo Syria
8%
Państwo Szwajcaria
8%
Państwo Szwecja
8%
Państwo Tadżykistan
8%
Państwo Tajlandia
8%
Państwo Tanzania
8%
Państwo Timor Wschodni
8%
Państwo Togo
8%
Państwo Tonga
8%
Państwo Trynidad i Tobago
8%
Państwo Tunezja
8%
Państwo Turkmenistan
8%
Państwo Tuvalu
8%
Państwo Urugwaj
8%
Państwo Uzbekistan
8%
Państwo Vanuatu
8%
Państwo Węgry
8%
Państwo Wenezuela
8%
Państwo Wietnam
8%
Państwo Włochy
8%
Państwo Wybrzeże Kości Słoniowej
8%
Państwo Wyspy Marshalla
8%
Państwo Wyspy Salomona
8%
Państwo Wyspy Świętego Tomasza i Książeca
8%
Państwo Zambia
8%
Państwo Zimbabwe
8%
Państwo Zjednoczone Emiraty Arabskie
8%
Państwo Afganistan
7%
Państwo Albania
7%
Państwo Andora
7%
Państwo Antigua i Barbuda
7%
Państwo Arabia Saudyjska
7%
Państwo Argentyna
7%
Państwo Australia
7%
Państwo Azerbejdżan
7%
Państwo Bahamy
7%
Państwo Bahrajn
7%
Państwo Barbados
7%
Państwo Belize
7%
Państwo Benin
7%
Państwo Bhutan
7%
Państwo Białoruś
7%
Państwo Boliwia
7%
Państwo Bośnia i Hercegowina
7%
Państwo Botswana
7%
Państwo Brunei
7%
Państwo Bułgaria
7%
Państwo Burkina Faso
7%
Państwo Burundi
7%
Państwo Chile
7%
Państwo Chorwacja
7%
Państwo Czad
7%
Państwo Czarnogóra
7%
Państwo Dania
7%
Państwo Demokratyczna Republika Konga
7%
Państwo Dominika
7%
Państwo Dominikana
7%
Państwo Dżibuti
7%
Państwo Ekwador
7%
Państwo Erytrea
7%
Państwo Estonia
7%
Państwo Eswatini
7%
Państwo Etiopia
7%
Państwo Fidżi
7%
Państwo Filipiny
7%
Państwo Finlandia
7%
Państwo Gambia
7%
Państwo Ghana
7%
Państwo Grenada
7%
Państwo Gruzja
7%
Państwo Gujana
7%
Państwo Gwatemala
7%
Państwo Gwinea
7%
Państwo Gwinea Bissau
7%
Państwo Gwinea Równikowa
7%
Państwo Haiti
7%
Państwo Indonezja
7%
Państwo Irak
7%
Państwo Iran
7%
Państwo Irlandia
7%
Państwo Islandia
7%
Państwo Jamajka
7%
Państwo Japonia
7%
Państwo Jemen
7%
Państwo Jordania
7%
Państwo Kambodża
7%
Państwo Kamerun
7%
Państwo Katar
7%
Państwo Kazachstan
7%
Państwo Kirgistan
7%
Państwo Kiribati
7%
Państwo Kolumbia
7%
Państwo Komory
7%
Państwo Kongo
7%
Państwo Korea Północna
7%
Państwo Korea Południowa
7%
Państwo Kostaryka
7%
Państwo Kuba
7%
Państwo Laos
7%
Państwo Lesotho
7%
Państwo Liberia
7%
Państwo Liechtenstein
7%
Państwo Łotwa
7%
Państwo Luksemburg
7%
Państwo Macedonia Północna
7%
Państwo Malawi
7%
Państwo Malediwy
7%
Państwo Malezja
7%
Państwo Malta
7%
Państwo Mauretania
7%
Państwo Mauritius
7%
Państwo Mikronezja
7%
Państwo Mołdawia
7%
Państwo Monako
7%
Państwo Mongolia
7%
Państwo Namibia
7%
Państwo Nepal
7%
Państwo Norwegia
7%
Państwo Nowa Zelandia
7%
Państwo Oman
7%
Państwo Pakistan
7%
Państwo Palau
7%
Państwo Papua-Nowa Gwinea
7%
Państwo Paragwaj
7%
Państwo Peru
7%
Państwo Portugalia
7%
Państwo Republika Zielonego Przylądka
7%
Państwo Rumunia
7%
Państwo Rwanda
7%
Państwo Saint Kitts i Nevis
7%
Państwo Saint Lucia
7%
Państwo Saint Vincent i Grenadyny
7%
Państwo Salwador
7%
Państwo Senegal
7%
Państwo Serbia
7%
Państwo Seszele
7%
Państwo Singapur
7%
Państwo Słowacja
7%
Państwo Słowenia
7%
Państwo Somalia
7%
Państwo Sri Lanka
7%
Państwo Sudan
7%
Państwo Sudan Południowy
7%
Państwo Surinam
7%
Państwo Syria
7%
Państwo Szwajcaria
7%
Państwo Szwecja
7%
Państwo Tadżykistan
7%
Państwo Tajwan
7%
Państwo Tanzania
7%
Państwo Timor Wschodni
7%
Państwo Togo
7%
Państwo Trynidad i Tobago
7%
Państwo Tunezja
7%
Państwo Turkmenistan
7%
Państwo Uganda
7%
Państwo Ukraina
7%
Państwo Urugwaj
7%
Państwo Uzbekistan
7%
Państwo Vanuatu
7%
Państwo Wenezuela
7%
Państwo Wybrzeże Kości Słoniowej
7%
Państwo Wyspy Marshalla
7%
Państwo Wyspy Salomona
7%
Państwo Wyspy Świętego Tomasza i Książeca
7%
Państwo Zambia
7%
Państwo Zimbabwe
7%
Państwo Zjednoczone Emiraty Arabskie
7%
Państwo | Państwo | Państwo | +28 others Afganistan
0%
Państwo Albania
0%
Państwo Algieria
0%
Państwo Andora
0%
Państwo Angola
0%
Państwo Antigua i Barbuda
0%
Państwo Arabia Saudyjska
0%
Państwo Argentyna
0%
Państwo Armenia
0%
Państwo Australia
0%
Państwo Austria
0%
Państwo Azerbejdżan
0%
Państwo Bahamy
0%
Państwo Bahrajn
0%
Państwo Bangladesz
0%
Państwo Barbados
0%
Państwo Belgia
0%
Państwo Belize
0%
Państwo Benin
0%
Państwo Bhutan
0%
Państwo Białoruś
0%
Państwo Boliwia
0%
Państwo Bośnia i Hercegowina
0%
Państwo Botswana
0%
Państwo Brazylia
0%
Państwo Brunei
0%
Państwo Bułgaria
0%
Państwo Burkina Faso
0%
Państwo Burundi
0%
Państwo Chile
0%
Państwo Chiny
0%
Państwo Chorwacja
0%
Państwo Cypr
0%
Państwo Czad
0%
Państwo Czarnogóra
0%
Państwo Czechy
0%
Państwo Dania
0%
Państwo Demokratyczna Republika Konga
0%
Państwo Dominika
0%
Państwo Dominikana
0%
Państwo Dżibuti
0%
Państwo Egipt
0%
Państwo Ekwador
0%
Państwo Erytrea
0%
Państwo Estonia
0%
Państwo Eswatini
0%
Państwo Etiopia
0%
Państwo Fidżi
0%
Państwo Filipiny
0%
Państwo Finlandia
0%
Państwo Francja
0%
Państwo Gabon
0%
Państwo Gambia
0%
Państwo Ghana
0%
Państwo Grecja
0%
Państwo Grenada
0%
Państwo Gruzja
0%
Państwo Gujana
0%
Państwo Gwatemala
0%
Państwo Gwinea
0%
Państwo Gwinea Bissau
0%
Państwo Gwinea Równikowa
0%
Państwo Haiti
0%
Państwo Hiszpania
0%
Państwo Holandia
0%
Państwo Honduras
0%
Państwo Indie
0%
Państwo Indonezja
0%
Państwo Irak
0%
Państwo Iran
0%
Państwo Irlandia
0%
Państwo Islandia
0%
Państwo Izrael
0%
Państwo Jamajka
0%
Państwo Japonia
0%
Państwo Jemen
0%
Państwo Jordania
0%
Państwo Kambodża
0%
Państwo Kamerun
0%
Państwo Kanada
0%
Państwo Katar
0%
Państwo Kazachstan
0%
Państwo Kenia
0%
Państwo Kirgistan
0%
Państwo Kiribati
0%
Państwo Kolumbia
0%
Państwo Komory
0%
Państwo Kongo
0%
Państwo Korea Północna
0%
Państwo Korea Południowa
0%
Państwo Kosowo
0%
Państwo Kostaryka
0%
Państwo Kuba
0%
Państwo Kuwejt
0%
Państwo Laos
0%
Państwo Lesotho
0%
Państwo Liban
0%
Państwo Liberia
0%
Państwo Libia
0%
Państwo Liechtenstein
0%
Państwo Litwa
0%
Państwo Łotwa
0%
Państwo Luksemburg
0%
Państwo Macedonia Północna
0%
Państwo Madagaskar
0%
Państwo Malawi
0%
Państwo Malediwy
0%
Państwo Malezja
0%
Państwo Mali
0%
Państwo Malta
0%
Państwo Maroko
0%
Państwo Mauretania
0%
Państwo Mauritius
0%
Państwo Meksyk
0%
Państwo Mikronezja
0%
Państwo Mjanma
0%
Państwo Mołdawia
0%
Państwo Monako
0%
Państwo Mongolia
0%
Państwo Mozambik
0%
Państwo Namibia
0%
Państwo Nauru
0%
Państwo Nepal
0%
Państwo Niemcy
0%
Państwo Niger
0%
Państwo Nigeria
0%
Państwo Nikaragua
0%
Państwo Norwegia
0%
Państwo Nowa Zelandia
0%
Państwo Oman
0%
Państwo Pakistan
0%
Państwo Palau
0%
Państwo Panama
0%
Państwo Papua-Nowa Gwinea
0%
Państwo Paragwaj
0%
Państwo Peru
0%
Państwo Polska
0%
Państwo Portugalia
0%
Państwo Republika Południowej Afryki
0%
Państwo Republika Środkowoafrykańska
0%
Państwo Republika Zielonego Przylądka
0%
Państwo Rosja
0%
Państwo Rumunia
0%
Państwo Rwanda
0%
Państwo Saint Kitts i Nevis
0%
Państwo Saint Lucia
0%
Państwo Saint Vincent i Grenadyny
0%
Państwo Salwador
0%
Państwo Samoa
0%
Państwo San Marino
0%
Państwo Senegal
0%
Państwo Serbia
0%
Państwo Seszele
0%
Państwo Sierra Leone
0%
Państwo Singapur
0%
Państwo Słowacja
0%
Państwo Słowenia
0%
Państwo Somalia
0%
Państwo Sri Lanka
0%
Państwo Stany Zjednoczone
0%
Państwo Sudan
0%
Państwo Sudan Południowy
0%
Państwo Surinam
0%
Państwo Syria
0%
Państwo Szwajcaria
0%
Państwo Szwecja
0%
Państwo Tadżykistan
0%
Państwo Tajlandia
0%
Państwo Tajwan
0%
Państwo Tanzania
0%
Państwo Timor Wschodni
0%
Państwo Togo
0%
Państwo Tonga
0%
Państwo Trynidad i Tobago
0%
Państwo Tunezja
0%
Państwo Turcja
0%
Państwo Turkmenistan
0%
Państwo Tuvalu
0%
Państwo Uganda
0%
Państwo Ukraina
0%
Państwo Urugwaj
0%
Państwo Uzbekistan
0%
Państwo Vanuatu
0%
Państwo Watykan
0%
Państwo Węgry
0%
Państwo Wenezuela
0%
Państwo Wielka Brytania
0%
Państwo Wietnam
0%
Państwo Włochy
0%
Państwo Wybrzeże Kości Słoniowej
0%
Państwo Wyspy Marshalla
0%
Państwo Wyspy Salomona
0%
Państwo Wyspy Świętego Tomasza i Książeca
0%
Państwo Zambia
0%
Państwo Zimbabwe
0%
Państwo Zjednoczone Emiraty Arabskie
0%
Nie znaleziono quizów pasujących do podanych kryteriów
Rozkład punktacji
Procent ludzi z każdym wynikiem
Percentyl według liczby udzielonych odpowiedzi
Twoja historia wyników
Nie rozwiązałeś tego quizu od ostatniego zresetowania